| 000 | 01349nam a2200241Ii 4500 | ||
|---|---|---|---|
| 003 | JO-AjNU | ||
| 005 | 20240625111003.0 | ||
| 008 | 230605s9999||||xx |||||||||||||| ||und|| | ||
| 040 |
_aJO-AjNU _bara _erda _cJO-AjNU |
||
| 041 | _aara | ||
| 050 | 1 | 4 | _aHG1707.2019 |
| 100 | 1 |
_aالجبالي، احمد محمد علي _eمعد _965610 |
|
| 245 | 0 | 0 |
_aمدى التزام مؤسسات التمويل الاسلاميه المتخصصه بمعايير هيئة المحاسبه والمراجعه للمؤسسات الماليه الاسلاميه "دراسة حاله" = The Extent of the commitment of specialized islamic financial institutions to the standards / _cاعداد احمد محمد علي الجبالي؛ اشراف محمود الشويات |
| 264 | 3 | 1 | _a2019 |
| 300 | _a154 ورقة | ||
| 336 |
_atext _btxt _2rdacontent |
||
| 337 |
_aunmediated _bn _2rdamedia |
||
| 338 |
_avolume _bnc _2rdacarrier |
||
| 500 | _aرساله جامعيه (ماجستير في المصارف الاسلاميه) - جامعة عجلون الوطنيه (عجلون ، الاردن) ، كلية ادارة الاعمال ، قسم المصارف الاسلاميه ، 2019 | ||
| 650 | 4 |
_aالمصارف الاسلاميه - معايير المحاسبة _958516 |
|
| 700 | 1 |
_aالشويات، محمود سليم _965537 _eمشرف |
|
| 942 |
_2lcc _cTHS |
||
| 999 |
_c29849 _d29849 |
||